000 00681nam a2200229 a 4500
001 BRCA_4489
005 20190320204705.0
008 130910s1950----sp-a######---#000-0#spa-#
041 _aspa
044 _asp
050 4 _aND813
_b.G74 1950
245 1 0 _aEl Greco apostolado
_cintroducción por José Camón Aznar.
260 _aBarcelona
_bEdart
_c[1950]
300 _a8 p.
_bil. a color, 15 láminas
_c37 cm.
440 0 _aEl tesoro artístico de España
_v1
_911374
500 _aCFG4
600 1 4 _aTheotocopulli, Dominico
_cllamado El Greco
_dm. 1614
_911375
650 1 4 _aPintores españoles
_97620
700 1 _aAznar Camón, José
_911376
902 _aGFM
942 _2lcc
_cB
999 _c4195
_d4195